| 000 | 00704nam a2200253Ia 4500 | ||
|---|---|---|---|
| 003 | OSt | ||
| 005 | 20220927110456.0 | ||
| 006 | a|||||r|||| 00| 0 | ||
| 007 | ta | ||
| 008 | 220926b |||||||| |||| 00| 0 eng d | ||
| 024 | _a103373 | ||
| 037 | _cReports | ||
| 040 |
_aRTL _cRTL _beng |
||
| 041 |
_2eng _aeng |
||
| 082 | _a"z.236.N61t5, GD" | ||
| 110 |
_a"Punjab, Planning (Deptt.of-)" _9378627 |
||
| 245 | 0 |
_aThird five year plan _bPunjab state Vo. 1 |
|
| 260 |
_aPunjab _bIndia _c1960 |
||
| 300 |
_a500p. _ccm. |
||
| 650 | _aGeneralia | ||
| 700 |
_a"Punjab, Planning (Deptt.of-)" _9378628 |
||
| 942 |
_h"z.236.N61t5, GD" _cCC |
||
| 999 |
_c696914 _d696914 |
||